| 000 | 01537nam a2200253Ia 4500 | ||
|---|---|---|---|
| 999 |
_c51698 _d51698 |
||
| 001 | 18689 | ||
| 003 | GE_BSU | ||
| 005 | 20220920163744.0 | ||
| 008 | 181216s2008||||ge |||||||||||||| ||geo|| | ||
| 040 | _cGE_BSU | ||
| 041 | _ageo | ||
| 080 | _a58 დ-43 | ||
| 100 |
_aდიასამიძე, დ. _910513 |
||
| 245 |
_aაჭარის მუხნარების სეზონური განვითარების რიტმი : დისერტაცია / _cდ. დიასამიძე; სამეცნიერო ხელმძღვანელი დავითიძე მ., მანველიძე ზ.; ბათუმის შოთა რუსთაველის სახელმწიფო უნივერსიტეტი. |
||
| 264 |
_aბათუმი, _b _c2008. |
||
| 300 |
_a129 გვ.; _b30 სმ. |
||
| 653 | _aაჭარის მუხნარების სეზონური განვითარების რიტმი. | ||
| 653 | _aბოტანიკა | ||
| 653 | _aდისერტაცია | ||
| 700 |
_aდავითიძე, მ., _eსამეცნიერო ხელმძღვანელი _911869 |
||
| 700 |
_aმანველიძე, ზ _eსამეცნიერო ხელმძღვანელი _911553 |
||
| 710 |
_aბათუმის შოთა რუსთაველის სახელმწიფო უნივერსიტეტი. _911870 |
||
| 942 |
_cBK _2udc |
||